000
00385nam a22001697a 4500
003
MPLRDC
005
20220104142628.0
008
210129b ||||| |||| 00| 0 eng d
082
_a
805.179 FS
100
_a
冯式编著
245
_a
商业英语通信
_c
250
_a
初版
260
_a
_b
香港宏业书局
_c
1962
300
_b
平
650
_a
942
_c
BK
_o
805.179 FS
999
_c
32421
_d
32411